ONLINE PUBLIC ACCESS CATALOG(OPAC)

Mookajjiya Kanasugalu (Record no. 65598)

MARC details
000 -LEADER
fixed length control field 00332nam a22001337a 4500
008 - FIXED-LENGTH DATA ELEMENTS--GENERAL INFORMATION
fixed length control field 260213b |||||||| |||| 00| 0 eng d
020 ## - INTERNATIONAL STANDARD BOOK NUMBER
International Standard Book Number 9788172850623
082 ## - DEWEY DECIMAL CLASSIFICATION NUMBER
Classification number 891.43 KAR
100 ## - MAIN ENTRY--PERSONAL NAME
Personal name Kaaranta, Shivarama K
245 ## - TITLE STATEMENT
Title Mookajjiya Kanasugalu
260 ## - PUBLICATION, DISTRIBUTION, ETC. (IMPRINT)
Place of publication, distribution, etc Bengaluru
Name of publisher, distributor, etc Deepak S Shah
Date of publication, distribution, etc 1968
300 ## - PHYSICAL DESCRIPTION
Extent 272 pages
942 ## - ADDED ENTRY ELEMENTS (KOHA)
Item type Books
Holdings
Withdrawn status Lost status Source of classification or shelving scheme Damaged status Not for loan Collection code Home library Current library Shelving location Date acquired Source of acquisition Cost, normal purchase price Total Checkouts Full call number Barcode Date last seen Koha item type Public note
    Dewey Decimal Classification     Non-fiction College of Journalism & Mass Communication College of Journalism & Mass Communication College of Journalism and Mass Communica 13/02/2026 Campus Book House 250.00   891.43 KAR JM609 13/02/2026 Reference Rack No. R13 Shelf No. 31

Powered by Koha